00629nam a2200217 a 450000100060000000300080000600500170001400800410003103500190007204000260009104100080011708200220012510000210014724500540016826000420022230000240026449000480028850400240033665000310036070000200039150415BD-RjUL20211209075514.0160827s1963 njua 001 0 eng d a(BD-RjUL)50535 aBD-RjULbengcBD-RjUL aeng 223a514bKEL 19631 aKelley. John L.10aLinear topological spaces /cby J.L. Kelley et al aPrinceton, N.J :bVan Nostrand,c1963 axv, 256 p. ;c24 cm1 aThe University series in higher mathematics aBibliography: p.248 0a Linear topological spaces1 aNamioka, Isaac.